[Event "Titled Tuesday intern op 12th Oct"]
[Site "Chess.com INT"]
[Date "2021.10.12"]
[Round "4"]
[White "Isajevsky, Anton"]
[Black "Zemerov, Vladimir"]
[Result "1-0"]
[WhiteElo "2403"]
[BlackElo "2268"]
[PlyCount "123"]
[EventDate "2021.10.12"]
[EventType "swiss (blitz)"]
[EventRounds "11"]
[EventCountry "USA"]
[SourceTitle "EXT 2023"]
[Source "ChessBase"]
[SourceDate "2022.10.05"]
[SourceVersion "1"]
[SourceVersionDate "2022.10.05"]
[SourceQuality "1"]

1. c4 e5 2. g3 g6 3. Bg2 Bg7 4. Nc3 Nf6 5. e3 0-0 6. Nge2 c6 7. 0-0 d5 8. d3 Be6 9. b3 d4 10. exd4 exd4 11. Nb1 Bg4 12. h3 Bxe2 13. Qxe2 Re8 14. Qd1 a5 15. a3 Na6 16. Nd2 Nc5 17. Nf3 a4 18. b4 Nb3 19. Ra2 Nxc1 20. Qxc1 Nd7 21. Qd1 Qf6 22. Re2 Rxe2 23. Qxe2 h6 24. Re1 Bf8 25. Qe4 Bg7 26. h4 Qd6 27. Bh3 Nf8 28. Qe7 Qxe7 29. Rxe7 Rb8 30. Kf1 Bf6 31. Re4 Rd8 32. Ke2 Kg7 33. c5 Nd7 34. Bxd7 Rxd7 35. Re8 h5 36. Ra8 Re7+ 37. Kd2 Be5 38. Rxa4 Bf6 39. Ra7 Kf8 40. a4 Rd7 41. a5 Ke8 42. Kc2 Kd8 43. a6 bxa6 44. Rxa6 Kc7 45. Ra7+ Kc8 46. Rxd7 Kxd7 47. Kb3 Ke6 48. Kc4 Kf5 49. Nxd4+ Kg4 50. Nxc6 Kf3 51. b5 Kxf2 52. b6 Kxg3 53. b7 Kxh4 54. b8Q g5 55. Qh2+ Kg4 56. Nd4 Bxd4 57. Kxd4 f5 58. Ke5 f4 59. Qg2+ Kh4 60. Kf5 g4 61. Kxf4 g3 62. Qxg3# 1-0

[Event "Titled Tuesday intern op 12th Oct"]
[Site "Chess.com INT"]
[Date "2021.10.12"]
[Round "2"]
[White "Karttunen, Mika"]
[Black "Zemerov, Vladimir"]
[Result "1-0"]
[WhiteElo "2485"]
[BlackElo "2268"]
[PlyCount "229"]
[EventDate "2021.10.12"]
[EventType "swiss (blitz)"]
[EventRounds "11"]
[EventCountry "USA"]
[SourceTitle "EXT 2023"]
[Source "ChessBase"]
[SourceDate "2022.10.05"]
[SourceVersion "1"]
[SourceVersionDate "2022.10.05"]
[SourceQuality "1"]

1. d4 Nf6 2. c4 g6 3. f3 Bg7 4. e4 d6 5. Nc3 0-0 6. Be3 b6 7. Qd2 c5 8. d5 e6 9. Nge2 exd5 10. cxd5 Ba6 11. Ng3 Bxf1 12. Rxf1 Re8 13. Kf2 Nbd7 14. Kg1 Ne5 15. Bg5 b5 16. Kh1 b4 17. Nce2 Qb6 18. Rac1 h5 19. h3 c4 20. f4 Rac8 21. fxe5 Nh7 22. Bf6 dxe5 23. Bxg7 Kxg7 24. Rf3 h4 25. Nf1 Nf6 26. Qc2 Qd6 27. Nh2 Nh5 28. Ng4 a5 29. Rcf1 Re7 30. Nf6 Nxf6 31. Rxf6 Qxf6 32. Rxf6 Kxf6 33. Qc1 Kg7 34. Qg5 f6 35. Qxh4 c3 36. bxc3 bxc3 37. Qe1 c2 38. Qxa5 c1Q+ 39. Nxc1 Rxc1+ 40. Kh2 Rf7 41. Qd2 Rcc7 42. Qb2 Rb7 43. Qc3 Rfc7 44. Qa5 Ra7 45. Qb6 Rcb7 46. Qc5 Rc7 47. Qf2 Ra6 48. h4 Rca7 49. h5 gxh5 50. Qg3+ Kf7 51. Qh4 Rxa2 52. Qxh5+ Kg7 53. Qg4+ Kf7 54. Qe6+ Kg6 55. d6 Rd2 56. Kh3 Ra6 57. Qf5+ Kg7 58. Qd7+ Kg6 59. Qe8+ Kg7 60. d7 Rad6 61. Qe7+ Kg6 62. Qe8+ Kg7 63. Qe7+ Kh6 64. Qf8+ Kg6 65. Qg8+ Kh6 66. Qf8+ Kh7 67. Qf7+ Kh8 68. Qf8+ Kh7 69. Qf7+ Kh6 70. d8Q Rxd8 71. Qxf6+ Kh7 72. Qxe5 R2d6 73. g4 Rh6+ 74. Kg3 Rdd6 75. Qf5+ Kg7 76. g5 Rhg6 77. Kg4 Rde6 78. Qd5 Kf7 79. Qd7+ Re7 80. Qf5+ Kg7 81. e5 Rf7 82. Qc8 Re7 83. Qf5 Ree6 84. Kh5 Rc6 85. Qe4 Rce6 86. Qb7+ Kf8 87. Qc8+ Ke7 88. Qc7+ Kf8 89. Qc8+ Kf7 90. Qd7+ Kg8 91. Qd3 Kh7 92. Qf5 Kg7 93. Kg4 Kg8 94. Kh5 Kg7 95. Qe4 Kg8 96. Qxg6+ Rxg6 97. Kxg6 Kf8 98. Kf6 Kg8 99. Ke7 Kg7 100. Kd7 Kg6 101. e6 Kxg5 102. e7 Kf5 103. e8Q Kf6 104. Qe7+ Kf5 105. Qe6+ Kf4 106. Qd5 Kg4 107. Qe5 Kf3 108. Qd4 Ke2 109. Qc3 Kd1 110. Qb2 Ke1 111. Kd6 Kf1 112. Ke5 Kg1 113. Kf4 Kh1 114. Kg3 Kg1 115. Qg2# 1-0

[Event "Titled Tuesday intern op 21st Sept"]
[Site "Chess.com INT"]
[Date "2021.09.21"]
[Round "8"]
[White "Zemerov, Vladimir"]
[Black "Tqebuchava, Zurab"]
[Result "1-0"]
[WhiteElo "2268"]
[BlackElo "2303"]
[PlyCount "71"]
[EventDate "2021.09.21"]
[EventType "swiss (blitz)"]
[EventRounds "9"]
[EventCountry "USA"]
[SourceTitle "EXT 2022"]
[Source "ChessBase"]
[SourceDate "2021.10.06"]
[SourceVersion "1"]
[SourceVersionDate "2021.10.06"]
[SourceQuality "1"]

1. e4 g6 2. d4 Bg7 3. Nc3 c6 4. f4 c5 5. Nf3 cxd4 6. Nxd4 Nc6 7. Be3 Nf6 8. e5 Ng8 9. Bc4 Nxd4 10. Bxd4 Nh6 11. 0-0 Nf5 12. Bf2 h5 13. Nd5 e6 14. Ne3 Nxe3 15. Bxe3 0-0 16. Qd6 b6 17. Rad1 Re8 18. Bb5 Bf8 19. Qd2 Bb7 20. Qxd7 Qxd7 21. Rxd7 Be4 22. Bd3 Bc6 23. Rc7 Rec8 24. Rxc8 Rxc8 25. Rd1 Bd5 26. b3 Bb4 27. c4 Bc6 28. Be2 Kf8 29. Kf2 Ke7 30. Bf3 Bxf3 31. Kxf3 Bc5 32. Bxc5+ Rxc5 33. Ke4 Ra5 34. a4 Rc5 35. Rd6 a5 36. Kd4 1-0

[Event "Titled Tuesday intern op 14th Sept"]
[Site "Chess.com INT"]
[Date "2021.09.14"]
[Round "2"]
[White "Langrock, Hannes"]
[Black "Zemerov, Vladimir"]
[Result "1-0"]
[WhiteElo "2356"]
[BlackElo "2268"]
[PlyCount "121"]
[EventDate "2021.09.14"]
[EventType "swiss (blitz)"]
[EventRounds "11"]
[EventCountry "USA"]
[SourceTitle "EXT 2022"]
[Source "ChessBase"]
[SourceDate "2021.10.06"]
[SourceVersion "1"]
[SourceVersionDate "2021.10.06"]
[SourceQuality "1"]

1. d4 Nf6 2. c4 e6 3. g3 c5 4. Nf3 cxd4 5. Nxd4 Nc6 6. Bg2 a6 7. 0-0 Bc5 8. Nb3 Be7 9. Nc3 b6 10. Bf4 Bb7 11. Bd6 0-0 12. Qd2 Ne8 13. Bxe7 Qxe7 14. Rfd1 d6 15. a4 Rc8 16. Nd4 Ne5 17. b3 Bxg2 18. Kxg2 Qb7+ 19. f3 Nf6 20. a5 Rfd8 21. axb6 Qxb6 22. e4 h5 23. Ra4 Qb7 24. Rda1 Ra8 25. Ra5 Nc6 26. Nxc6 Qxc6 27. Qd4 Rdb8 28. R1a3 Rb6 29. h3 Rab8 30. Qd1 Nd7 31. Rxh5 Nc5 32. Ne2 Nxb3 33. Qd3 Nc5 34. Qe3 Rb2 35. h4 Nd7 36. Kh3 Qxc4 37. Rd3 Ne5 38. Rd2 Rxd2 39. Qxd2 Nd3 40. Nf4 Rb2 41. Qxd3 Qc1 42. Kg4 Rb6 43. Rg5 Qb2 44. Qc4 Rb8 45. Qc7 Rf8 46. Qxd6 f5+ 47. exf5 exf5+ 48. Rxf5 Rxf5 49. Kxf5 Qc2+ 50. Kg4 Qc8+ 51. Qe6+ Qxe6+ 52. Nxe6 a5 53. Nc5 Kf7 54. Kf5 Ke7 55. Ke5 Kd8 56. Kd6 Kc8 57. g4 Kb8 58. h5 Kc8 59. g5 Kd8 60. h6 gxh6 61. gxh6 1-0

[Event "Titled Tuesday intern op 14th Sept"]
[Site "Chess.com INT"]
[Date "2021.09.14"]
[Round "10"]
[White "Loy, Konstantin"]
[Black "Zemerov, Vladimir"]
[Result "1-0"]
[WhiteElo "2268"]
[BlackElo "2268"]
[PlyCount "55"]
[EventDate "2021.09.14"]
[EventType "swiss (blitz)"]
[EventRounds "11"]
[EventCountry "USA"]
[SourceTitle "EXT 2022"]
[Source "ChessBase"]
[SourceDate "2021.10.06"]
[SourceVersion "1"]
[SourceVersionDate "2021.10.06"]
[SourceQuality "1"]

1. e4 g6 2. d4 Bg7 3. Nc3 d6 4. h4 h5 5. Be3 a6 6. Qd2 b5 7. Be2 Bb7 8. f3 Nd7 9. g4 hxg4 10. fxg4 b4 11. Nd5 e6 12. Nxb4 Bxe4 13. Bf3 d5 14. Bxe4 dxe4 15. Ne2 Rxh4 16. 0-0-0 Rxh1 17. Rxh1 Qb8 18. Rh7 Kf8 19. c3 Ndf6 20. Rh4 Nd5 21. Nxd5 exd5 22. g5 Qb5 23. Nf4 Rb8 24. Qf2 Ke8 25. Rh7 Bf8 26. Nxg6 Qd7 27. Nxf8 Kxf8 28. g6 1-0